AH International Schools' Libraries

Long Ago Mazes / (Record no. 49543)

MARC details
000 -LEADER
fixed length control field 01050nam a2200157 4500
020 ## - INTERNATIONAL STANDARD BOOK NUMBER
International Standard Book Number 9781474937740
020 ## - INTERNATIONAL STANDARD BOOK NUMBER
International Standard Book Number 1474937748
100 ## - MAIN ENTRY--PERSONAL NAME
Personal name Smith, Sam,
Relator term author.
9 (RLIN) 86675
245 ## - TITLE STATEMENT
Title Long Ago Mazes /
Statement of responsibility, etc by Sam Smith.
260 ## - PUBLICATION, DISTRIBUTION, ETC. (IMPRINT)
Place of publication, distribution, etc London ;
Name of publisher, distributor, etc Usborne Publishing :
Date of publication, distribution, etc February 7, 2019.
300 ## - PHYSICAL DESCRIPTION
Extent 64 pages.
Dimensions 9.72 x 0.28 x 12.01 inches.
500 ## - GENERAL NOTE
General note From dinosaurs to Da Vinci, Pompeii to pirates, and Vikings to Victorians, kids can delve into key parts of world history from across the ages as they find their way through the wonderfully illustrated scenes in this book. Each maze is more challenging than the last, and all the answers are given at the back. Contains 45 highly visual mazes to keep kids entertained for hours. A great way to discover some of the most remarkable people, places and stories from world history. Kids can develop their problem-solving and visual recognition skills as the level of challenge increases gradually throughout the book.
650 ## - SUBJECT ADDED ENTRY--TOPICAL TERM
9 (RLIN) 38531
Topical term or geographic name as entry element Maze puzzles.
650 ## - SUBJECT ADDED ENTRY--TOPICAL TERM
9 (RLIN) 14830
Topical term or geographic name as entry element Riddles
942 ## - ADDED ENTRY ELEMENTS (KOHA)
Source of classification or shelving scheme
Koha item type Book
Holdings
Withdrawn status Lost status Source of classification or shelving scheme Damaged status Not for loan Home library Current library Date acquired Total Checkouts Full call number Barcode Date last seen Date checked out Price effective from Koha item type
          Logos International School Logos International School 09/10/2025 1 J 793.738 SMI 042983 10/03/2025 09/29/2025 09/10/2025 Book

For any Logos Library related questions please contact Miss Art at swongnarasuk@asianhope.org.

For any Asian Hope Library related questions please contact Miss Raza at graza@asianhope.org.

Powered by Koha